000 00688nam a2200253Ia 4500
001 14028
005 20240113235515.0
007 ta
008 051118s1963 a g b000 u 465 u
040 _aCotton College,Assam
041 _a465
082 _a511.3
_bW 436 Al
100 _aWeiss, Edwin .
245 0 _aAlgebraic Number Theory /
_cEdwin Weiss.
_hTextual Documents
250 _a1st ed. /
260 _aNew York :
_bMcGraw - Hill book company ,
_cC1963.
300 _a274p. :
_bill ;
_c22cm .
653 _aNumber Theory-Algebraic
653 _aAlgebraic-Number Theory
653 _aG-Mathematics
942 _2ddc
_cBK
999 _c14014
_d14014